[Event "CYCC U14"]
[Site "Victoria CAN"]
[Date "2009.07.23"]
[Round "5"]
[White "Marinkovic, Mate"]
[Black "Kaminski, Thomas"]
[Result "1/2-1/2"]
[WhiteElo "2045"]
[BlackElo "2141"]
[PlyCount "99"]
[GameId "2160767910093825"]
[EventDate "2009.07.21"]
[EventType "swiss"]
[EventRounds "7"]
[EventCountry "CAN"]
[SourceTitle "EXT 2011"]
[Source "ChessBase"]
[SourceDate "2011.11.26"]
[SourceVersion "1"]
[SourceVersionDate "2011.11.26"]
[SourceQuality "1"]

1. e4 c6 2. d4 d5 3. exd5 cxd5 4. Bd3 Nc6 5. c3 Nf6 6. Bf4 Bg4 7. Be2 Bxe2 8. Qxe2 e6 9. Nf3 Be7 10. Nbd2 Qb6 11. Nb3 a5 12. O-O a4 13. Nc1 O-O 14. Nd3 Ne4 15. Rac1 Rfc8 16. Nd2 Nxd2 17. Qxd2 Na5 18. Qe2 Nc4 19. Rc2 Qa6 20. Re1 Rc6 21. a3 Rac8 22. Ne5 Nxe5 23. Qxa6 Nf3+ 24. gxf3 Rxa6 25. Kg2 f6 26. Rce2 Kf7 27. Bc1 Bf8 28. f4 g6 29. Kf3 Rac6 30. Bd2 b5 31. Kg3 Re8 32. Kf3 Rc7 33. Bc1 Bd6 34. h3 Rce7 35. Rd1 Rc8 36. Rde1 Rce8 37. Rd1 h6 38. h4 Rg8 39. Rg1 Ree8 40. Ree1 Be7 41. Rg2 Rg7 42. Reg1 Reg8 43. Kg3 g5 44. Kh3 gxh4 45. Rxg7+ Rxg7 46. Rxg7+ Kxg7 47. f5 e5 48. Be3 Bd6 49. Kxh4 e4 50. Kh5 1/2-1/2

[Event "CYCC U14"]
[Site "Victoria CAN"]
[Date "2009.07.23"]
[Round "5"]
[White "Sohal, Tanraj"]
[Black "Han, Yifei"]
[Result "0-1"]
[WhiteElo "2136"]
[BlackElo "1921"]
[PlyCount "90"]
[GameId "2160767910093826"]
[EventDate "2009.07.21"]
[EventType "swiss"]
[EventRounds "7"]
[EventCountry "CAN"]
[SourceTitle "hb 2009.10"]

1. d4 d5 2. c4 e6 3. Nc3 Nf6 4. cxd5 exd5 5. Bg5 Be7 6. e3 h6 7. Bh4 O-O 8. Bd3 Be6 9. Nge2 Nbd7 10. O-O a6 11. f4 Bg4 12. Bf2 c5 13. h3 Bxe2 14. Bxe2 c4 15. Bf3 Nb6 16. a4 Bb4 17. Bh4 Bxc3 18. bxc3 Qe8 19. Re1 Ne4 20. Qc2 f5 21. Reb1 Qc6 22. Bxe4 dxe4 23. Be7 Rfe8 24. Bc5 Nd5 25. Kf2 b5 26. axb5 axb5 27. Qb2 Rxa1 28. Rxa1 Ra8 29. Ra3 Kh7 30. Qa1 Rxa3 31. Qxa3 Qf6 32. Qa8 Nxc3 33. Bb4 Qh4+ 34. g3 Qh5 35. Bxc3 Qf3+ 36. Kg1 Qxe3+ 37. Kh2 Qxc3 38. Qd5 Qc2+ 39. Kg1 e3 40. Qe5 Qd3 41. g4 fxg4 42. f5 Qd1+ 43. Kh2 Qe2+ 44. Kh1 Qf3+ 45. Kg1 g3 0-1

[Event "CYCC U14"]
[Site "Victoria CAN"]
[Date "2009.07.23"]
[Round "5"]
[White "Sorko, Nicholas"]
[Black "Lam, Kenneth"]
[Result "1-0"]
[WhiteElo "1432"]
[BlackElo "916"]
[PlyCount "73"]
[GameId "2160767910093827"]
[EventDate "2009.07.21"]
[EventType "swiss"]
[EventRounds "7"]
[EventCountry "CAN"]
[SourceTitle "hb 2009.10"]

1. e4 d6 2. d4 Nc6 3. Nc3 g6 4. Be3 Bg7 5. Nf3 Bg4 6. Be2 Bxf3 7. Bxf3 e5 8. d5 Nd4 9. O-O Ne7 10. Bg4 O-O 11. Ne2 f5 12. Bh3 c5 13. dxc6 Nexc6 14. exf5 gxf5 15. c3 Nxe2+ 16. Qxe2 f4 17. Bd2 Bh6 18. Bg4 e4 19. Qxe4 Qh4 20. Bf3 Ne5 21. Rfe1 Qg5 22. c4 Rac8 23. b3 Rfe8 24. Bxf4 Qf6 25. Bxh6 Qxh6 26. Qd5+ Qe6 27. Re3 Qxd5 28. Bxd5+ Kh8 29. Rae1 Rc7 30. f4 b5 31. fxe5 dxe5 32. Rg3 bxc4 33. bxc4 Rc5 34. Rxe5 h5 35. Rxe8+ Kh7 36. Be4+ Kh6 37. Rh8# 1-0

[Event "CYCC U14"]
[Site "Victoria CAN"]
[Date "2009.07.23"]
[Round "5"]
[White "Zhu, Zheng"]
[Black "Goodwin, William"]
[Result "1-0"]
[WhiteElo "1581"]
[BlackElo "1028"]
[PlyCount "43"]
[GameId "2160767910093828"]
[EventDate "2009.07.21"]
[EventType "swiss"]
[EventRounds "7"]
[EventCountry "CAN"]
[SourceTitle "hb 2009.10"]

1. e4 c5 2. Nf3 Nf6 3. e5 Nh5 4. c3 a6 5. d4 cxd4 6. g4 Qa5 7. gxh5 dxc3 8. Nxc3 Nc6 9. Bf4 d6 10. exd6 Bf5 11. Bd3 O-O-O 12. Rc1 Nb4 13. Bxf5+ Qxf5 14. Nd5+ Nc6 15. Nb6+ Kb8 16. dxe7+ Qxf4 17. exd8=Q+ Ka7 18. Qa8+ Kxb6 19. Rxc6+ Kxc6 20. Qc8+ Kb5 21. Qcd7+ Kc5 22. Q1d5+ 1-0

[Event "CYCC U14"]
[Site "Victoria CAN"]
[Date "2009.07.23"]
[Round "6"]
[White "Goodwin, William"]
[Black "Lam, Kenneth"]
[Result "1-0"]
[WhiteElo "1028"]
[BlackElo "916"]
[PlyCount "47"]
[GameId "2160767910093829"]
[EventDate "2009.07.21"]
[EventType "swiss"]
[EventRounds "7"]
[EventCountry "CAN"]
[SourceTitle "CYCC U14"]

1. d4 d5 2. Nc3 Nf6 3. Bg5 g6 4. Bxf6 exf6 5. e3 Bg7 6. Bd3 O-O 7. e4 dxe4 8. Bxe4 Re8 9. f3 f5 10. Qe2 fxe4 11. fxe4 Bxd4 12. O-O-O Qg5+ 13. Rd2 Bxc3 14. bxc3 Bf5 15. Qb5 Rxe4 16. Nf3 Qg4 17. Rd8+ Kg7 18. Qc5 Qxg2 19. Rh8 Re1+ 20. Kb2 Qxc2+ 21. Ka3 Rxh1 22. Qe5+ f6 23. Qe7+ Kh6 24. Qxh7# 1-0

[Event "CYCC U14"]
[Site "Victoria CAN"]
[Date "2009.07.23"]
[Round "6"]
[White "Gusev, Nikita"]
[Black "Li, Changhe"]
[Result "1-0"]
[WhiteElo "2144"]
[BlackElo "2106"]
[PlyCount "115"]
[GameId "2160767910093830"]
[EventDate "2009.07.21"]
[EventType "swiss"]
[EventRounds "7"]
[EventCountry "CAN"]
[SourceTitle "hb 2009.10"]

1. e4 c5 2. Nf3 e6 3. d4 cxd4 4. Nxd4 Nc6 5. Nc3 Qc7 6. g3 a6 7. Bg2 d6 8. O-O Bd7 9. a4 Nf6 10. Nb3 Ne5 11. Qe2 Bc6 12. Nd4 Be7 13. Nxc6 Nxc6 14. Rd1 O-O 15. Be3 Ne5 16. Bd4 Rac8 17. f4 Nc6 18. Bf2 e5 19. Bh3 Rce8 20. Nd5 Nxd5 21. Rxd5 Nd4 22. Bxd4 exd4 23. Qd3 Bf6 24. a5 Re7 25. Ra4 b5 26. axb6 Qxb6 27. b3 Ra8 28. Rda5 Rc7 29. Rxa6 Rxa6 30. Rxa6 Qb7 31. Qb5 g6 32. Qxb7 Rxb7 33. Rxd6 Be7 34. Rd7 Bc5 35. Kf1 Rxd7 36. Bxd7 f6 37. Ke2 Kf7 38. Kd3 Ke7 39. Kc4 Ba7 40. Bh3 Kd6 41. Kb5 g5 42. b4 d3 43. cxd3 Bg1 44. fxg5 fxg5 45. Bf5 Bxh2 46. g4 h6 47. d4 Bg1 48. Kc4 Bh2 49. b5 Kc7 50. e5 Kb6 51. Bd7 Kc7 52. Bc6 Bf4 53. Kc5 Be3 54. b6+ Kd8 55. Kd6 h5 56. gxh5 g4 57. Kc5 g3 58. Bg2 1-0

[Event "CYCC U14"]
[Site "Victoria CAN"]
[Date "2009.07.23"]
[Round "6"]
[White "Han, Yifei"]
[Black "Cheng, Jack"]
[Result "0-1"]
[WhiteElo "1921"]
[BlackElo "2064"]
[PlyCount "152"]
[GameId "2160767910093831"]
[EventDate "2009.07.21"]
[EventType "swiss"]
[EventRounds "7"]
[EventCountry "CAN"]
[SourceTitle "hb 2009.10"]

1. e4 e5 2. Nf3 Nc6 3. Bb5 a6 4. Ba4 Nf6 5. O-O b5 6. Bb3 Bb7 7. c3 Nxe4 8. Re1 Nc5 9. Nxe5 Nxe5 10. Rxe5+ Ne6 11. d4 Bd6 12. Rh5 g6 13. Rh3 O-O 14. Bxe6 fxe6 15. Qg4 Qf6 16. Be3 Qf5 17. Qxf5 exf5 18. f4 Rae8 19. Nd2 Re7 20. Nf1 Rfe8 21. b3 Re4 22. Rf3 R4e7 23. Rg3 Be4 24. Bd2 Bd5 25. Re3 Re4 26. g3 c5 27. Rc1 Kf7 28. Rxe4 Bxe4 29. Be3 c4 30. b4 Bd3 31. Kf2 a5 32. a3 axb4 33. axb4 Ra8 34. Nd2 h6 35. h4 Ra2 36. Kf3 Be7 37. Kg2 g5 38. Kh3 gxh4 39. gxh4 Be2 40. Kg3 Bg4 41. Nb1 Kg6 42. Rh1 Kh5 43. Bd2 Bf6 44. Be3 Ra8 45. Kg2 Rg8 46. Bf2 Be7 47. Bg3 Ra8 48. Bf2 Bd6 49. Kg3 Rg8 50. Be3 Be7 51. Kf2 Bxh4+ 52. Kf1 Bf3 53. Rh2 Kg4 54. Nd2 Bc6 55. Bf2 Bxf2 56. Rxf2 h5 57. Kg1 Re8 58. Nf1 Re1 59. Kh2 h4 60. Kg1 h3 61. Kh2 Bg2 62. Ng3 Re3 63. Ne2 Rd3 64. d5 Rd1 65. Rxg2+ hxg2 66. Kxg2 Rxd5 67. Kf2 Rd2 68. Ke3 Rxe2+ 69. Kxe2 Kxf4 70. Kf2 Ke4 71. Ke2 f4 72. Kd2 f3 73. Kc2 f2 74. Kc1 f1=Q+ 75. Kb2 Qe2+ 76. Ka3 Qd1 0-1

[Event "CYCC U14"]
[Site "Victoria CAN"]
[Date "2009.07.23"]
[Round "6"]
[White "Itkin, David"]
[Black "Zhu, Zheng"]
[Result "1-0"]
[WhiteElo "1819"]
[BlackElo "1581"]
[PlyCount "99"]
[GameId "2160767910093832"]
[EventDate "2009.07.21"]
[EventType "swiss"]
[EventRounds "7"]
[EventCountry "CAN"]
[SourceTitle "EXT 2011"]
[Source "ChessBase"]
[SourceDate "2011.11.26"]
[SourceVersion "1"]
[SourceVersionDate "2011.11.26"]
[SourceQuality "1"]

1. e4 e6 2. d4 d5 3. Nc3 Nf6 4. Bg5 Bb4 5. e5 h6 6. Bd2 Bxc3 7. Bxc3 Ne4 8. Bb4 c5 9. dxc5 Nxf2 10. Kxf2 Qh4+ 11. g3 Qxb4 12. Nf3 Qxc5+ 13. Kg2 O-O 14. Bd3 b6 15. Ng5 Ba6 16. Bh7+ Kh8 17. Qh5 Qe7 18. h4 Nd7 19. Rae1 f6 20. exf6 Nxf6 21. Qg6 Qe8 22. Nxe6 Qxg6 23. Bxg6 Rfc8 24. c3 Ne4 25. g4 Nc5 26. g5 Nd3 27. Ref1 Ne5 28. Bc2 Bxf1+ 29. Rxf1 Nc4 30. Rf3 Rc6 31. Nf4 Re8 32. Ba4 Rcc8 33. Bxe8 Rxe8 34. b3 Ne3+ 35. Kf2 d4 36. cxd4 Nc2 37. d5 Rd8 38. g6 Kg8 39. Ne6 Re8 40. Rf7 Nb4 41. Rxg7+ Kh8 42. Rxa7 Nxd5 43. Nd4 Ne7 44. h5 Kg8 45. Kf3 Nd5 46. Nf5 Nf6 47. Nxh6+ Kh8 48. g7+ Kh7 49. g8=Q+ Kxh6 50. Qg6# 1-0

[Event "CYCC U14"]
[Site "Victoria CAN"]
[Date "2009.07.23"]
[Round "6"]
[White "Kaminski, Thomas"]
[Black "Li, Ruokai (David)"]
[Result "1-0"]
[WhiteElo "2141"]
[BlackElo "2012"]
[PlyCount "61"]
[GameId "2160767910093833"]
[EventDate "2009.07.21"]
[EventType "swiss"]
[EventRounds "7"]
[EventCountry "CAN"]

1. c4 c5 2. Nc3 Nc6 3. g3 g6 4. Bg2 Bg7 5. e3 e5 6. Nge2 Nge7 7. d3 O-O 8. O-O d6 9. h3 Be6 10. Nd5 Qd7 11. Kh2 f5 12. Bd2 h6 13. f4 g5 14. Rb1 Ng6 15. a3 gxf4 16. gxf4 Nh4 17. Bh1 e4 18. Be1 Ng6 19. Rg1 Kh7 20. dxe4 Rg8 21. Ng3 Nce7 22. Nh5 Raf8 23. Nxg7 Rxg7 24. Bc3 Rgf7 25. Qh5 b5 26. Rg3 Bxd5 27. cxd5 Rg8 28. Rbg1 Qe8 29. Rg5 Qd7 30. Bf3 a6 31. Qxh6+ 1-0

[Event "CYCC U14"]
[Site "Victoria CAN"]
[Date "2009.07.23"]
[Round "6"]
[White "Sohal, Tanraj"]
[Black "Sorko, Nicholas"]
[Result "1-0"]
[WhiteElo "2136"]
[BlackElo "1432"]
[PlyCount "165"]
[GameId "2160767910093834"]
[EventDate "2009.07.21"]
[EventType "swiss"]
[EventRounds "7"]
[EventCountry "CAN"]
[SourceTitle "EXT 2011"]
[Source "ChessBase"]
[SourceDate "2011.11.26"]
[SourceVersion "1"]
[SourceVersionDate "2011.11.26"]
[SourceQuality "1"]

1. d4 d5 2. c4 c6 3. cxd5 cxd5 4. Nc3 Nf6 5. Bf4 Nc6 6. e3 Qb6 7. Qb3 Qxb3 8. axb3 a6 9. Bd3 e6 10. Nf3 Bb4 11. O-O O-O 12. Ne5 Ne7 13. Ra4 a5 14. Raa1 Nh5 15. Bg3 f6 16. Nf3 Rf7 17. Rfc1 Bd7 18. Na4 Bxa4 19. bxa4 Nxg3 20. hxg3 Raf8 21. Bb5 Ng6 22. Rc2 e5 23. Rac1 e4 24. Nd2 h5 25. Nb3 b6 26. Rc6 Rb8 27. Rc8+ Rxc8 28. Rxc8+ Rf8 29. Rc6 Rb8 30. Rc7 Kf8 31. Be2 h4 32. Bh5 Ne7 33. gxh4 g6 34. Be2 Kf7 35. h5 gxh5 36. Bxh5+ Ke6 37. Be2 Kd6 38. Rc2 Rc8 39. Rxc8 Nxc8 40. Na1 Ke6 41. Nc2 Bd6 42. f4 Ne7 43. g4 f5 44. g5 Ng6 45. Kg2 Be7 46. Bh5 Kf7 47. Bxg6+ Kxg6 48. Kf2 Bf8 49. Na1 Bb4 50. Nb3 Kh5 51. Nc1 Kg6 52. Na2 Bf8 53. Nc3 Kf7 54. Nxd5 Kg6 55. Nxb6 Bb4 56. Nc4 Kh5 57. Ne5 Bd6 58. Nc4 Bb4 59. d5 Kg6 60. d6 Kf7 61. Ne5+ Ke6 62. d7 Be7 63. Kg3 Bd8 64. Kh4 Ke7 65. Nc6+ Kxd7 66. Nxd8 Kxd8 67. Kh5 Ke7 68. Kh6 Kf7 69. Kh7 Ke6 70. g6 Kd5 71. g7 Kc4 72. g8=Q+ Kd3 73. Qb3+ Ke2 74. Qc3 Kf3 75. Qxa5 Kxe3 76. Qxf5 Kd4 77. Qxe4+ Kxe4 78. a5 Kxf4 79. a6 Ke3 80. a7 Kd2 81. a8=Q Kc2 82. b4 Kc3 83. b5 1-0

[Event "CYCC U14"]
[Site "Victoria CAN"]
[Date "2009.07.23"]
[Round "6"]
[White "Zhang, David"]
[Black "Marinkovic, Mate"]
[Result "1-0"]
[WhiteElo "1999"]
[BlackElo "2045"]
[PlyCount "63"]
[GameId "2160767910093835"]
[EventDate "2009.07.21"]
[EventType "swiss"]
[EventRounds "7"]
[EventCountry "CAN"]
[SourceTitle "EXT 2011"]
[Source "ChessBase"]
[SourceDate "2011.11.26"]
[SourceVersion "1"]
[SourceVersionDate "2011.11.26"]
[SourceQuality "1"]

1. e4 c5 2. Nf3 e6 3. d4 cxd4 4. Nxd4 Nc6 5. Nc3 Qc7 6. Be3 a6 7. Be2 Nf6 8. O-O Bb4 9. f3 O-O 10. Kh1 b5 11. a4 Bxc3 12. bxc3 Nxd4 13. cxd4 b4 14. a5 Rb8 15. Qd2 b3 16. Bf4 d6 17. cxb3 e5 18. Rfc1 Qe7 19. Bg5 Rxb3 20. Bc4 Rb8 21. d5 Bb7 22. Qd3 Ra8 23. Rab1 Rfb8 24. Rb6 h6 25. Bxf6 gxf6 26. Rcb1 Qc7 27. Qb3 Ra7 28. Bxa6 Bxa6 29. Rxb8+ Kg7 30. Qb6 Bd3 31. Qxc7 Rxc7 32. Ra1 1-0

[Event "CYCC U14"]
[Site "Victoria CAN"]
[Date "2009.07.23"]
[Round "7"]
[White "Cheng, Jack"]
[Black "Kaminski, Thomas"]
[Result "0-1"]
[WhiteElo "2064"]
[BlackElo "2141"]
[PlyCount "118"]
[GameId "2160767910093836"]
[EventDate "2009.07.21"]
[EventType "swiss"]
[EventRounds "7"]
[EventCountry "CAN"]
[SourceTitle "EXT 2011"]
[Source "ChessBase"]
[SourceDate "2011.11.26"]
[SourceVersion "1"]
[SourceVersionDate "2011.11.26"]
[SourceQuality "1"]

1. e4 c6 2. d4 d5 3. e5 Bf5 4. Nf3 e6 5. Be2 c5 6. O-O Nd7 7. c3 Ne7 8. Be3 Nc6 9. a3 c4 10. Ne1 g5 11. Nd2 Be7 12. g4 Bg6 13. Ng2 Qb6 14. b3 cxb3 15. Qxb3 Qxb3 16. Nxb3 Nb6 17. Rfc1 Nc4 18. Bxc4 dxc4 19. Nd2 Na5 20. Re1 Rc8 21. f3 Nb3 22. Ra2 Bd3 23. Ne4 Bxe4 24. fxe4 f6 25. exf6 Bxf6 26. Rf1 O-O 27. Ne1 Kg7 28. Nf3 h6 29. Nd2 Be7 30. Rb1 Na5 31. Rb5 b6 32. a4 Rc6 33. d5 Rcc8 34. Bd4+ Kg6 35. e5 exd5 36. Rxd5 Rcd8 37. Rxd8 Rxd8 38. Kg2 Nc6 39. Nf3 Kf7 40. Kf2 Ke6 41. Ke3 Rd5 42. Ke4 Ra5 43. h3 b5 44. Nd2 Rxa4 45. Rb2 a6 46. Rc2 Ra1 47. Nf3 Rb1 48. Ra2 a5 49. Bb6 a4 50. Be3 a3 51. Nd4+ Nxd4 52. cxd4 Rd1 53. Bd2 b4 54. d5+ Kd7 55. d6 Rxd2 56. Rxd2 b3 57. dxe7+ Kxe7 58. Kf5 b2 59. e6 b1=Q+ 0-1

[Event "CYCC U14"]
[Site "Victoria CAN"]
[Date "2009.07.23"]
[Round "7"]
[White "Itkin, David"]
[Black "Gusev, Nikita"]
[Result "1-0"]
[WhiteElo "1819"]
[BlackElo "2138"]
[PlyCount "99"]
[GameId "2160767910093837"]
[EventDate "2009.07.21"]
[EventType "swiss"]
[EventRounds "7"]
[EventCountry "CAN"]
[SourceTitle "EXT 2011"]
[Source "ChessBase"]
[SourceDate "2011.11.26"]
[SourceVersion "1"]
[SourceVersionDate "2011.11.26"]
[SourceQuality "1"]

1. e4 e5 2. d4 exd4 3. Qxd4 Nc6 4. Qe3 g6 5. Nc3 Bg7 6. Bd2 Nf6 7. Bc4 O-O 8. O-O-O d6 9. h4 Ng4 10. Qe1 h5 11. Nh3 Nge5 12. Bg5 Qe8 13. Bd5 Bxh3 14. Rxh3 Nb4 15. Qd2 Kh7 16. f3 Nxd5 17. Qxd5 Qe6 18. Rg1 Rae8 19. g4 c6 20. Qxe6 fxe6 21. gxh5 gxh5 22. Rgg3 Ng6 23. Ne2 Be5 24. Rg1 Rf7 25. Rf1 Ref8 26. c3 c5 27. Kc2 b5 28. Kd2 a5 29. Kd3 d5 30. f4 Bc7 31. Rhf3 dxe4+ 32. Kxe4 Rd7 33. Ng3 Rd2 34. R3f2 Rxf2 35. Rxf2 e5 36. Nxh5 exf4 37. Nxf4 Re8+ 38. Kd5 Re5+ 39. Kc6 Rxg5 40. hxg5 Bxf4 41. Kxb5 Kg7 42. Kxa5 Kf7 43. Kb6 Ke6 44. a4 c4 45. Kb5 Kd5 46. a5 Bxg5 47. Rg2 Bc1 48. Rxg6 Bxb2 49. a6 Bxc3 50. a7 1-0

[Event "CYCC U14"]
[Site "Victoria CAN"]
[Date "2009.07.23"]
[Round "7"]
[White "Lam, Kenneth"]
[Black "Zhu, Zheng"]
[Result "0-1"]
[WhiteElo "916"]
[BlackElo "1581"]
[PlyCount "94"]
[GameId "2160767910093838"]
[EventDate "2009.07.21"]
[EventType "swiss"]
[EventRounds "7"]
[EventCountry "CAN"]
[SourceTitle "hb 2009.10"]

1. e4 e6 2. e5 d5 3. Nf3 c5 4. Bb5+ Bd7 5. Bxd7+ Qxd7 6. O-O Nc6 7. d4 cxd4 8. Nxd4 Nxe5 9. Bf4 Ng6 10. Bd2 Nf6 11. Bg5 Ne4 12. Be3 Bd6 13. Nc3 Nxc3 14. bxc3 O-O 15. f4 f5 16. a4 a6 17. g3 Rac8 18. Ra3 Rc4 19. Rb3 Rxa4 20. h4 Ne7 21. g4 Rc4 22. h5 fxg4 23. Qxg4 Nf5 24. Nxf5 exf5 25. Qg2 Bc5 26. Bxc5 Rxc5 27. c4 Rxc4 28. Rg3 Rc6 29. Rd1 Rd6 30. c4 d4 31. Rb1 Rf7 32. Rgb3 Qc6 33. Qg3 Rdd7 34. R1b2 Qxc4 35. Rb4 Qc1+ 36. Kg2 d3 37. Qf3 d2 38. Rxb7 Rxb7 39. Rxb7 d1=Q 40. Rb8+ Rf8 41. Rxf8+ Kxf8 42. Qa8+ Ke7 43. Qa7+ Qd7 44. Qxa6 Qdd2+ 45. Qe2+ Qxe2+ 46. Kh3 Qg4+ 47. Kh2 Qcg1# 0-1

[Event "CYCC U14"]
[Site "Victoria CAN"]
[Date "2009.07.23"]
[Round "7"]
[White "Li, Changhe"]
[Black "Sohal, Tanraj"]
[Result "1/2-1/2"]
[WhiteElo "2106"]
[BlackElo "2136"]
[PlyCount "75"]
[GameId "2160767910093839"]
[EventDate "2009.07.21"]
[EventType "swiss"]
[EventRounds "7"]
[EventCountry "CAN"]
[SourceTitle "EXT 2011"]
[Source "ChessBase"]
[SourceDate "2011.11.26"]
[SourceVersion "1"]
[SourceVersionDate "2011.11.26"]
[SourceQuality "1"]

1. e4 c5 2. Nf3 Nc6 3. d4 cxd4 4. Nxd4 Nf6 5. Nc3 e6 6. Ndb5 d6 7. Bf4 e5 8. Bg5 a6 9. Na3 Be6 10. Nc4 Rc8 11. Bxf6 gxf6 12. Nd5 Bxd5 13. Qxd5 Nb4 14. Qd2 d5 15. exd5 Nxc2+ 16. Qxc2 Bb4+ 17. Ke2 b5 18. Nd6+ Bxd6 19. Qb3 Qa5 20. g3 Bc5 21. Bh3 Rc7 22. Rhd1 Qb6 23. Rac1 Ke7 24. Qd3 Qd6 25. a3 Rd8 26. Qxh7 Bd4 27. Be6 Rf8 28. Qg7 Rc4 29. b3 Rc5 30. Kd2 Ke8 31. Rxc5 Bxc5 32. Bf5 Qxd5+ 33. Ke2 Qxb3 34. Qxf6 Qc4+ 35. Kd2 Qd4+ 36. Kc2 Qc4+ 37. Kd2 Qd4+ 38. Ke2 1/2-1/2

[Event "CYCC U14"]
[Site "Victoria CAN"]
[Date "2009.07.23"]
[Round "7"]
[White "Li, Ruokai (David)"]
[Black "Marinkovic, Mate"]
[Result "0-1"]
[WhiteElo "2012"]
[BlackElo "2045"]
[PlyCount "96"]
[GameId "2160767910093840"]
[EventDate "2009.07.21"]
[EventType "swiss"]
[EventRounds "7"]
[EventCountry "CAN"]

1. e4 c5 2. Nf3 e6 3. d4 cxd4 4. Nxd4 Nc6 5. Nc3 Qc7 6. Be3 a6 7. Be2 Nf6 8. O-O Bb4 9. f3 O-O 10. a3 Bxc3 11. bxc3 d6 12. Bd3 Ne5 13. Bd2 Bd7 14. f4 Nc4 15. Bxc4 Qxc4 16. e5 Ne4 17. Rb1 Qc7 18. exd6 Nxd6 19. Qf3 f5 20. Rfe1 Ne4 21. Rxe4 fxe4 22. Qxe4 b5 23. a4 Rab8 24. axb5 axb5 25. g3 Qb7 26. Qe2 Qd5 27. Qe5 Qxe5 28. fxe5 h6 29. Bc1 Ra8 30. Kg2 Rfc8 31. Bd2 Rc5 32. Re1 Bc6+ 33. Kf2 Rf8+ 34. Kg1 Bd5 35. h4 Bc4 36. Bf4 Rcc8 37. Rb1 Ra8 38. Kg2 Rab8 39. Rb4 Rfc8 40. Kf2 Rc5 41. Rb1 Ra8 42. Ke3 Ra3 43. Kd2 Ra5 44. Nb3 Bxb3 45. Rxb3 Rd5+ 46. Ke2 Ra2 47. Kf3 Rxc2 48. Be3 Rd3 0-1

[Event "CYCC U14"]
[Site "Victoria CAN"]
[Date "2009.07.23"]
[Round "7"]
[White "Zhang, David"]
[Black "Gladstone, Simon"]
[Result "1-0"]
[WhiteElo "1999"]
[BlackElo "1876"]
[PlyCount "59"]
[GameId "2160767910093841"]
[EventDate "2009.07.21"]
[EventType "swiss"]
[EventRounds "7"]
[EventCountry "CAN"]
[SourceTitle "EXT 2011"]
[Source "ChessBase"]
[SourceDate "2011.11.26"]
[SourceVersion "1"]
[SourceVersionDate "2011.11.26"]
[SourceQuality "1"]

1. e4 c5 2. Nf3 e6 3. d4 cxd4 4. Nxd4 Nf6 5. Nc3 Qb6 6. Be3 Bc5 7. Qd2 Nc6 8. Na4 Qb4 9. Nxc5 Qxc5 10. Nxe6 Qe5 11. Nxg7+ Kd8 12. Qc3 Qxc3+ 13. bxc3 Nxe4 14. Bd3 Nxc3 15. Bg5+ Kc7 16. Bf6 Nd5 17. Ne6+ dxe6 18. Bxh8 e5 19. Bg7 Be6 20. Bh6 f5 21. Bd2 Rd8 22. O-O Rg8 23. Rfe1 e4 24. Bc4 Ne5 25. Bxd5 Nf3+ 26. Kh1 Nxe1 27. Bxe6 Rg6 28. Bxf5 Nxc2 29. Rc1 Rc6 30. Bxe4 1-0

[Event "CYCC U14"]
[Site "Victoria CAN"]
[Date "2009.07.24"]
[Round "8"]
[White "Kaminski, Thomas"]
[Black "Zhang, David"]
[Result "1-0"]
[WhiteElo "2141"]
[BlackElo "1999"]
[PlyCount "98"]
[GameId "2160767910093842"]
[EventDate "2009.07.21"]
[EventType "swiss"]
[EventRounds "7"]
[EventCountry "CAN"]
[SourceTitle "EXT 2011"]
[Source "ChessBase"]
[SourceDate "2011.11.26"]
[SourceVersion "1"]
[SourceVersionDate "2011.11.26"]
[SourceQuality "1"]

1. d4 d5 2. Nf3 Nf6 3. Bf4 c6 4. e3 e6 5. Bd3 Nbd7 6. Nbd2 Be7 7. O-O O-O 8. h3 c5 9. c3 b6 10. e4 dxe4 11. Nxe4 cxd4 12. Nxd4 Bb7 13. Nd6 e5 14. Nxb7 Qc7 15. Nf5 exf4 16. Nxe7+ Kh8 17. Ba6 Nb8 18. Nd6 Nxa6 19. Nef5 Rad8 20. Qa4 Nc5 21. Qxf4 g6 22. Qh6 Ne6 23. Nb5 Qe5 24. Nfd4 a6 25. Nxe6 Qxe6 26. Nd4 Qc4 27. Qf4 Nd5 28. Qf3 b5 29. Nb3 b4 30. cxb4 Nxb4 31. Qc3+ Qxc3 32. bxc3 Nd5 33. c4 Nb4 34. Rfc1 Rc8 35. c5 Rfd8 36. Rc4 Nd3 37. Rd1 Kg7 38. Rc2 Nb4 39. Rxd8 Rxd8 40. Rc4 Nxa2 41. c6 Rc8 42. c7 Kf8 43. Nc5 Nb4 44. Rxb4 Rxc7 45. Nxa6 Rc6 46. Rb8+ Kg7 47. Nb4 Ra6 48. Rd8 h5 49. Nd5 Ra5 1-0

[Event "CYCC U14 w"]
[Site "Victoria CAN"]
[Date "2009.07.21"]
[Round "1"]
[White "Ding, Jill"]
[Black "Botez, Alexandra"]
[Result "0-1"]
[WhiteElo "1173"]
[BlackElo "1883"]
[PlyCount "86"]
[GameId "2160767910093843"]
[EventDate "2009.07.21"]
[EventType "swiss"]
[EventRounds "7"]
[EventCountry "CAN"]
[SourceTitle "hb 2009.10"]

1. e4 c6 2. d4 d5 3. Nc3 dxe4 4. Nxe4 Bf5 5. Ng3 Bg6 6. N1e2 Nf6 7. Nf4 e6 8. Bc4 Nd5 9. O-O Bd6 10. Nxg6 hxg6 11. Bd3 Qh4 12. h3 Bxg3 13. fxg3 Qxd4+ 14. Kh1 Qc5 15. Qf3 Rf8 16. b3 Nd7 17. Bb2 N5f6 18. Rae1 O-O-O 19. Qf4 Nh5 20. Qg4 Qd6 21. Rf3 Nhf6 22. Qd4 Qxd4 23. Bxd4 c5 24. Bf2 Nd5 25. Be4 f5 26. Bxd5 exd5 27. Rc3 b6 28. a4 Nf6 29. Rce3 Ne4 30. R3e2 d4 31. Kg1 d3 32. cxd3 Rxd3 33. Re3 Rfd8 34. Rxd3 Rxd3 35. Re3 Nxf2 36. Kxf2 Rxe3 37. Kxe3 Kd7 38. Kd3 Kd6 39. Ke3 Ke5 40. Ke2 a6 41. Kd2 Kd4 42. h4 b5 43. a5 c4 0-1

[Event "CYCC U14 w"]
[Site "Victoria CAN"]
[Date "2009.07.21"]
[Round "1"]
[White "Hemmings, Sydney"]
[Black "Fang, Tina"]
[Result "0-1"]
[WhiteElo "981"]
[BlackElo "1431"]
[PlyCount "76"]
[GameId "2160767910093844"]
[EventDate "2009.07.21"]
[EventType "swiss"]
[EventRounds "7"]
[EventCountry "CAN"]
[SourceTitle "EXT 2011"]
[Source "ChessBase"]
[SourceDate "2011.11.26"]
[SourceVersion "1"]
[SourceVersionDate "2011.11.26"]
[SourceQuality "1"]

1. Nf3 Nf6 2. g3 g6 3. Bg2 Bg7 4. O-O O-O 5. d3 d5 6. Nbd2 c5 7. e4 e6 8. exd5 Nxd5 9. Re1 Nc6 10. c4 Ndb4 11. d4 cxd4 12. a3 Nd3 13. Rf1 e5 14. Ne1 Nxc1 15. Rxc1 Be6 16. Nef3 Rc8 17. Nb3 e4 18. Nfxd4 Nxd4 19. Nxd4 Qxd4 20. Qxd4 Bxd4 21. Rb1 Bxc4 22. Rfd1 Bd3 23. Rbc1 Bxb2 24. Rxc8 Rxc8 25. Re1 Rc1 26. Rxc1 Bxc1 27. a4 Bd2 28. Bf1 Kf8 29. Bxd3 exd3 30. Kf1 Ke7 31. Kg2 Kd6 32. Kf3 Ba5 33. Ke3 d2 34. Ke2 Kc5 35. Kd3 d1=Q+ 36. Ke3 Kd5 37. Kf4 Qxa4+ 38. Ke3 Qe4# 0-1

[Event "CYCC U14 w"]
[Site "Victoria CAN"]
[Date "2009.07.21"]
[Round "1"]
[White "Kalaydina, Regina Veronicka"]
[Black "Schwab, Katerina"]
[Result "1-0"]
[WhiteElo "1824"]
[BlackElo "1128"]
[PlyCount "57"]
[GameId "2160767910093845"]
[EventDate "2009.07.21"]
[EventType "swiss"]
[EventRounds "7"]
[EventCountry "CAN"]
[SourceTitle "hb 2009.10"]

1. c4 e5 2. Nc3 Nf6 3. d3 d5 4. cxd5 Nxd5 5. Nf3 Bb4 6. Bd2 Nxc3 7. Bxc3 Bxc3+ 8. bxc3 Nc6 9. e4 O-O 10. Be2 f6 11. O-O Be6 12. d4 a6 13. d5 Bxd5 14. exd5 Ne7 15. c4 b5 16. cxb5 axb5 17. Bxb5 Ra5 18. Bc6 Nxd5 19. Qb3 Qd6 20. Bxd5+ Rxd5 21. Rad1 c6 22. Rb1 Kh8 23. Rfd1 Qc5 24. a4 Rfd8 25. Rxd5 cxd5 26. Qb6 Rc8 27. Qxc5 Rxc5 28. Rb8+ Rc8 29. Rxc8# 1-0